| 000 | 00608nam a2200193 a 4500 | ||
|---|---|---|---|
| 005 | 20210223122059.0 | ||
| 008 | 991125s1967 cu 000 0 spa u | ||
| 035 | _aUPN01000029031 | ||
| 049 | _aF | ||
| 050 | 4 |
_aLA2355 A3 _bB4.5 |
|
| 100 | 1 | _aBernal del Riesgo, Alfonso | |
| 245 | 1 | 4 |
_aLas ideas pedagógicas de Alfredo Miguel Aguayo / _cpor A. Bernal del Riesgo. |
| 260 |
_a[La Habana] : _bISE, _c1967. |
||
| 300 | _a39 p. | ||
| 440 | 0 |
_aInstituto de Superación Educacional. _p[Publicación] ; _v45. |
|
| 440 | 0 |
_aEducación ; _v12 |
|
| 600 | 1 | 4 |
_aAGUAYO, ALFREDO MIGUEL, _d1866-1948 _91937 |
| 905 | _aLibro | ||
| 999 |
_c29031 _d29031 |
||